000 00495nam a22001817a 4500
003 CEME
005 20210628202946.0
008 210212b xxu||||| |||| 00| 0 eng d
020 _a81-7808-597-6
040 _c.
082 _a005.16 HUM
100 _aHumphrey, Watts.S
_960494
245 _aIntroduction to the team software process
260 _aINDIA
_bPEARSON EDUCATION ASIA
_c2002
300 _aXXV,463P
650 _aSOFTWARE PROCESS; TEAM SOFTWARE PROCESS
_962552
942 _cBK
_2ddc
999 _c571630
_d571630